000 00315nam a2200121Ia 4500
005 20251222154401.0
008 251222s9999||||xx |||||||||||||| ||spa||
020 _a84-226-0625-9
082 _a530/M15
100 _a"Maechtle, Walter"
245 0 _aLa fĂ­sica ciencia revolucionaria en el mundo actual
942 _cLIB
999 _c35293
_d35293